Discographie de Ninho - Statistiques

Statistiques générales
  • Ce quiz a été pris 456 fois
  • Le résultat moyen est 52 sur 134
Statistiques - réponses
Hint Réponse % Correct
M.I.L.S M.I.L.S
93%
Jefe Jefe
85%
M.I.L.S 2.0 M.I.L.S 2.0
81%
Destin La vie qu'on mène
76%
Destin Goutte d'eau
75%
Destin Maman ne le sait pas
71%
Destin | Jefe Outro
71%
Comme prévu Comme prévu
70%
Jefe | M.I.L.S 3 Intro
70%
M.I.L.S 3 Lettre à une femme
69%
M.I.L.S 3 M.I.L.S 3
67%
Jefe VVS
67%
Destin NI
66%
M.I.L.S Dis-moi que tu m'aimes
64%
Comme prévu Rose
62%
M.I.L.S 2.0 Fendi
61%
Comme prévu Mamacita
61%
M.I.L.S Sourire
59%
M.I.L.S Malcolm
58%
M.I.L.S Elle a mal
57%
Destin Putana
55%
Comme prévu Roro
55%
M.I.L.S 3 Zipette
55%
M.I.L.S Soleil
54%
M.I.L.S 2.0 Un Poco
54%
M.I.L.S 2.0 Vrais
54%
Comme prévu De l'autre côté
53%
Destin La vivance
53%
Jefe Sky Priority
52%
M.I.L.S 3 Tout en Gucci
52%
M.I.L.S 3 Le jeu
51%
Destin A Kinshasa
49%
Comme prévu Elle m'a eu
49%
M.I.L.S Crésus
48%
NI Eurostar
48%
GOAT Boucherie
47%
GOAT Collabo
47%
Destin Jeune Lossa
47%
M.I.L.S 3 Filon
46%
Destin Jusqu'à minuit
46%
M.I.L.S Monotonie
46%
Destin Paris c'est magique
46%
Jefe Aïcha
45%
Jefe Arme de poing
45%
Destin Tokarev
45%
Destin Sans peine
44%
Jefe Vérité
44%
M.I.L.S 2.0 Bavard
43%
M.I.L.S 2.0 Pavé
43%
M.I.L.S Tout ira mieux
43%
Comme prévu Laisse pas traîner ton fils
42%
Destin Money
42%
M.I.L.S 2.0 44
41%
Jefe La maison que je voulais
41%
Jefe OG
41%
M.I.L.S Pour nous
41%
Comme prévu Pourquoi
41%
Destin L'ancien
40%
Comme prévu Chino
39%
Jefe RER D
39%
Comme prévu Carbozo
38%
GOAT Coco
38%
M.I.L.S 3 Promo
38%
M.I.L.S 2.0 Violet
38%
Jefe Athéna
37%
M.I.L.S 3 La puerta
37%
Comme prévu Lové
37%
M.I.L.S 2.0 Mama No Cry
37%
Destin Jamais
36%
M.I.L.S 3 En chien
35%
M.I.L.S Bitch Dab
34%
M.I.L.S 2.0 Bob
34%
Comme prévu Dita
34%
Jefe Mood
34%
M.I.L.S TTR
34%
M.I.L.S 3 Centre commercial
33%
Comme prévu HLM ou Palace
33%
NI No love
33%
Destin Big Pac
32%
Comme prévu Ce soir
32%
M.I.L.S Somnambule
32%
M.I.L.S La Roma
31%
NI La vie de Johnny
31%
Jefe YSL
30%
M.I.L.S 2.0 Coffrer
29%
M.I.L.S 3 Millésimes
29%
M.I.L.S 2.0 PGP
29%
M.I.L.S 3 Problèmes du matin
29%
NI Blue story
28%
M.I.L.S 2.0 Chacun son tour
28%
GOAT Jungle
28%
M.I.L.S 3 Kitchen
28%
M.I.L.S 3 Toutes les couleurs
28%
M.I.L.S 2.0 Toutes options
28%
Destin Zéro paluche
28%
M.I.L.S 3 Bali
27%
NI Vinicius
27%
GOAT Authentique
26%
M.I.L.S 3 C'était le rap
26%
Jefe No Life
26%
M.I.L.S 3 Gros vendeurs
25%
M.I.L.S 3 Every day
24%
GOAT 911
22%
NI Branché sur snap
22%
GOAT Ghetto Star
22%
NI 25 G
21%
M.I.L.S 3 Mac 11
21%
NI Chiraq
20%
GOAT Guitare
20%
GOAT Waribana
20%
M.I.L.S 3 Privilège
19%
NI Edouard Nahum
18%
M.I.L.S 3 Tu sais qu'on est gang
18%
NI Bad
17%
GOAT HAQ
17%
NI Bon qu'à ça
16%
NI Grands ensembles
16%
M.I.L.S 3 Mauvais Djo
15%
NI Respect
15%
NI Rich Porter
15%
GOAT Broly
14%
NI Dans la peau
14%
NI Yo moko oyebi
13%
GOAT Malsain
12%
GOAT Opinel 12
12%
NI Christopher Wallace
11%
GOAT Loin d'eux
9%
NI Mode S Plus
9%
NI Plus qu'eux
9%
GOAT Du Sal
8%
NI Griot
8%
NI Signes de gang
8%
Aucun quiz correspondant
Distribution des résultats
% des personnes avec chaque résultat
Percentile par nombre de réponses
Votre historique - résultats
Vous n’avez pas pris ce quiz